000
00283nam a2200121Ia 4500
008
220204s9999 xx 000 0 und d
082
_a
657.4
_b
GAR
100
_a
Garrison, Ray H
245
0
_a
Managerial accounting
250
_a
Ed.3
260
_a
Texas
_b
Business
_c
1982
942
_c
BK
999
_c
38457
_d
38457